• 首页
  • 本馆介绍
  • 公告通知
  • 最新文献
  • 馆藏检索
  • 电子资源
  • 读者导购
  • 参考咨询
  • 我的图书馆
  • 登录
  • 详细信息显示
  • 放入我的书架
  • 预约/预借图书
  • 作者相关作品
  • 分类相关作品
  • 丛书相关作品
  • 出版社相关作品

书目信息

  • 表格格式
  • 工作单格式
  • 卡片格式
题名:
百年老店
    
 
作者: ;陈钰 译 ;韩国KBS《百年老店》制作组 译
分册:  
出版信息: 武汉   华中科技大学出版社  2015.6
页数: 309页
开本: 21cm
丛书名: 世界百年老店巡礼
单 册:
中图分类: F279.1
科图分类:
主题词: 老字号--lao zi hao--介绍--世界 , 介绍--jie shao , 世界--shi jie
电子资源:
ISBN: 978-7-5609-9694-3
000 01179nam0 22003131 450
001 0122100555
005 20170322100555.0
010    @a978-7-5609-9694-3@dCNY38.00
100    @a20150210d2015 em y0chiy50 ea
101 0  @achi
102    @aCN@b420000
105    @aa z 000yy
106    @ar
200 1  @a百年老店@9bai nian lao dian@e老店的诞生@f韩国KBS《百年老店》制作组著@g陈钰译
210    @a武汉@c华中科技大学出版社@d2015.6
215    @a309页@c图,照片@d21cm
225 2  @a世界百年老店巡礼@9shi jie bai nian lao dian xun li
330    @a本书分为俘获世界人味蕾的百年老店、传递历史和鲜活艺术感的百年老店、个性鲜明的百年老店三章,主要内容包括:美国传统牛排屋、法国手工巧克力店、捷克传统餐厅、土耳其甜点店、捷克传统啤酒屋。美国甜点店等。
333    @a一般读者
461  0 @12001 @a世界百年老店巡礼
517 1  @a老店的诞生@9lao dian de dan sheng
606 0  @a老字号@9lao zi hao@x介绍@y世界
606 0  @a介绍@9jie shao
606 0  @a世界@9shi jie
690    @aF279.1@v5
702  0 @a陈钰@9chen yu@4译
711 02 @a韩国KBS《百年老店》制作组@9han guo kbsbai nian lao dian zhi zuo zu@4译
801  0 @aCN@bTANGWEI@c20170308
905    @b0957782-5@dF279.1@e1350@f4
    
    百年老店:老店的诞生/韩国KBS《百年老店》制作组著/陈钰译.-武汉:华中科技大学出版社,2015.6
    309页:图,照片;21cm.-(世界百年老店巡礼)
    使用对象:一般读者
    
    ISBN 978-7-5609-9694-3:CNY38.00
    本书分为俘获世界人味蕾的百年老店、传递历史和鲜活艺术感的百年老店、个性鲜明的百年老店三章,主要内容包括:美国传统牛排屋、法国手工巧克力店、捷克传统餐厅、土耳其甜点店、捷克传统啤酒屋。美国甜点店等。
●
相关链接 在E读中查询图书 在五车中查询图书 在当当中查询图书 在豆瓣中查询图书


正题名:百年老店     索取号:F279.1/1350         预约/预借

序号 登录号 条形码 馆藏地/架位号 状态 备注
1 0957782   209577821   第一样本阅览室/ [索取号:F279.1/1350] 在馆    
2 0957783   209577830   第一借阅区/ [索取号:F279.1/1350] 在馆    
3 0957784   209577849   第一借阅区/ [索取号:F279.1/1350] 在馆    
4 0957785   209577858   第一借阅区/ [索取号:F279.1/1350] 在馆    
唐山师范学院图书馆 欢迎您!
大连网信软件有限公司© 版权所有